000 00719cam a22002533a 4500
001 6114
003 PGUSA
005 20140828083128.0
008 040701s2004||||xxu|||||s|||||000 1 eng d
040 _aPGUSA
_beng
042 _adc
050 4 _aPS
050 4 _aPZ
100 1 _aWebster, Frank V.
245 1 4 _aThe Young Firemen of Lakeville; Or, Herbert Dare's Pluck
_h[electronic resource] /
_cFrank V. Webster
260 _bProject Gutenberg,
_c2004
506 _aPublic domain in the USA.
516 _aElectronic text
653 _aAdventure stories
653 _aFire fighters -- Juvenile fiction
830 0 _aProject Gutenberg
_v6114
856 4 0 _uhttp://www.gutenberg.org/ebooks/6114
942 _cEB
999 _c235442
_d235442